Statistics for Oscar-winning films for best picture

Click here to take the quiz!

General Stats

  • This quiz has been taken 155 times
  • The average score is 10 of 19

Answer Stats

YearFilm% Correct
1943 CCasablanca
79%
1994 FGForrest gump
74%
1972 TGThe godfather
67%
1929/30 AQOTWFAll quiet on the western front
65%
1991 TSOTLThe silence of the lambs
64%
1975 OFOTCNOne flew over the cuckoo's nest
63%
2007 NCFOMNo country for old men
57%
1967 ITHOTNIn the heat of the night
54%
2010 TKSThe king's speech
53%
1985 OOAOut of africa
52%
1962 LOALawrence of arabia
51%
1981 COFChariots of fire
49%
1946 TBYOOLThe best years of our lives
48%
1936 TGZThe great ziegfeld
48%
2001 ABMA beautiful mind
47%
1957 TBOTRKThe bridge on the river kwai
47%
1989 DMDDriving Miss Daisy
46%
1998 SILShakespeare in love
44%
2004 MDBMillion dollar baby
39%

Score Distribution

Percentile by Number Answered

Percent of People with Each Score

Your Score History

You have not taken this quiz